Normal view
MARC view
Entry Topical Term
001 - CONTROL NUMBER
- control field: 2186
003 - CONTROL NUMBER IDENTIFIER
- control field: HDC
005 - DATE AND TIME OF LATEST TRANSACTION
- control field: 20230624073124.0
008 - FIXED-LENGTH DATA ELEMENTS
- fixed length control field: 210104|| aca||aabn | a|a d
040 ## - CATALOGING SOURCE
- Original cataloging agency: HDC
- Transcribing agency: HDC
150 ## - HEADING--TOPICAL TERM
- Topical term or geographic name entry element: Hospitality industry
- Geographic subdivision: United States
670 ## - SOURCE DATA FOUND
- Source citation: Work cat.: (HDC): Shakona, Maloud Yousif author 2185, The Influence of Religiosity on the Intention of United States Muslim Tourists to Choose a Shariah Compliant Hotel , , 2013
